Análisis del funcionamiento de una planta de tratamiento de aguas de proceso en un beneficio de café

Guardado en:
書目詳細資料
主要作者: Arias Chaves, Adriana Vanessa
格式: 圖書
語言:Spanish
出版: San José, C.R. 2011
主題:
標簽: 添加標簽
沒有標簽, 成為第一個標記此記錄!

MARC

LEADER 00000nam a22000007a 4500
003 010661
005 20221231143932.0
008 151110b2011 cr a|||| |||| 00| 0 spa d
040 |c cru CEDI  
090 |a TFG 6489 
100 |9 2198  |a Arias Chaves, Adriana Vanessa 
245 |a  Análisis del funcionamiento de una planta de tratamiento de aguas de proceso en un beneficio de café  
260 |a San José, C.R.  |c 2011 
500 |a Proyecto de graduación (licenciatura en ingeniería química)--Universidad de Costa Rica. Facultad de Ingeniería. Escuela de Ingeniería Química 
650 |x PLANTAS PARA TRATAMIENTO DE AGUAS RESIDUALES   |x BENEFICIO DE CAFE  |x TRATAMIENTO DEL AGUA   |x APARATOS Y ACCESORIOS   |x BIODEGRADACION DE AGUAS RESIDUALES   |x LAGUNAS DE ESTABILIZACION   |9 2199 
942 |c TFG 
999 |c 14461  |d 14461